Music Quiz

Random Music or Artist Quiz

Hotel California Clicky-oke Quiz Stats

 Plays Quiz Updated Nov 6, 2018

Support Sporcle.
Go Orange.
Score 0/28 Timer 05:00
2 Plays Today
% Correct
Cool wind in my hair
94.3%
I saw a shimmering light
92.8%
Rising up through the air
90.9%
I had to stop for the night
90.8%
Showed me the way
90.3%
I thought I heard them say...
88.7%
This could be heaven or this could be hell
88.4%
Since nineteen sixty nine
84.5%
That she calls friends
82.9%
Please bring me my wine
80.4%
Welcome to the Hotel California
80%
Some dance to remember, some dance to forget
79.6%
You can find it here
79.2%
Such a lovely place (such a lovely place)
77.6%
% Correct
She got the Mercedes bends
75.3%
Of our own device'
74%
I heard the mission bell
72.3%
The pink champagne on ice
71.1%
But they just can't kill the beast
70.4%
Running for the door
70.1%
To the place I was before
69.1%
But you can never leave!
69%
Such a lovely face
67%
They gathered for the feast
66.1%
What a nice surprise (what a nice surprise) Bring your alibis
64.9%
Wake you up in the middle of the night
64.6%
We are programmed to receive
64%
Plenty of room at the Hotel California
50%

You're not logged in!

Compare scores with friends on all Sporcle quizzes.
OR
Log In

From the Vault

15-Second Blitz: The Simpsons

by pecheneg

Watching every episode of The Simpsons nonstop would take you half a month. This quiz will take you 15-seconds.
Remove Ads.
Support Sporcle.
Get the best of Sporcle when you Go Orange. This ad-free experience offers more features, more stats, and more fun while also helping to support Sporcle. Thank you for becoming a member.

Show Comments

Extras

Top Quizzes Today


Score Distribution

Your Account Isn't Verified!

In order to create a playlist on Sporcle, you need to verify the email address you used during registration. Go to your Sporcle Settings to finish the process.

Report this User

Report this user for behavior that violates our Community Guidelines.

Details: